Struktura financování firem a transmise měnové politiky ČNB
Vo financovaní domáceho podnikového sektoru sa prejavuje rastúca spontánna euroizácia. Tento jav zosilnel po rozšírení úrokového diferenciálu od polovice roku 2021. Lacnejšie úvery v zahraničnej mene oslabili transmisiu podnikového úrokového kanála menovej politiky. Sprísnenie menovej politiky bolo...
Salvato in:
| Autore principale: | |
|---|---|
| Natura: | Capitolo di libro |
| Lingua: | ceco |
| Soggetti: | |
| Tags: |
Nessun Tag, puoi essere il primo ad aggiungerne!!
|
MARC
| LEADER | 00000naa a2200000 4500 | ||
|---|---|---|---|
| 001 | 0296917 | ||
| 005 | 20240417075252.4 | ||
| 041 | 0 | |a cze | |
| 044 | |a CZ | ||
| 245 | 1 | 0 | |a Struktura financování firem a transmise měnové politiky ČNB |c Jakub Holas |
| 520 | |a Vo financovaní domáceho podnikového sektoru sa prejavuje rastúca spontánna euroizácia. Tento jav zosilnel po rozšírení úrokového diferenciálu od polovice roku 2021. Lacnejšie úvery v zahraničnej mene oslabili transmisiu podnikového úrokového kanála menovej politiky. Sprísnenie menovej politiky bolo preto nutné doručiť časti podnikom prostredníctvom silnejšieho menového kurzu. | ||
| 610 | 2 | 0 | |a politika menová |
| 610 | 2 | 0 | |a banky centrálne |
| 610 | 2 | 0 | |a firmy |
| 610 | 2 | 0 | |a financovanie |
| 610 | 2 | 0 | |a úver |
| 610 | 2 | 0 | |a kurz menový |
| 610 | 2 | 0 | |a euro |
| 610 | 2 | 0 | |a Česko |
| 100 | 1 | |a Holas, Jakub | |